[Event "Barcelona Canovelles U2200 op"]
[White "De la Plaza Gras, Jordi"]
[Black "Oliveras Grau, Joaquin"]
[Site "Barcelona"]
[Round "7.5"]
[Result "1/2-1/2"]
[Date "2018.12.30"]
[WhiteElo "2019"]
[BlackElo "1774"]
[PlyCount "68"]
[EventDate "2018.12.27"]
[EventType "swiss"]
[EventRounds "8"]
[EventCountry "ESP"]
[SourceTitle "EXT 2024"]
[Source "ChessBase"]
[SourceDate "2023.10.10"]
[SourceVersion "1"]
[SourceVersionDate "2023.10.10"]
[SourceQuality "1"]

1. d4 Nf6 2. Bf4 g6 3. Nc3 d5 4. e3 Bg7 5. h4 h5 6. Nb5 Na6 7. Nf3 c6 8. Nc3 Nb8 9. Be2 Ng4 10. e4 dxe4 11. Nxe4 Nd7 12. c3 0-0 13. Qb3 Qb6 14. 0-0 Ngf6 15. Neg5 Qxb3 16. axb3 a6 17. b4 Nb6 18. c4 Bg4 19. b3 Rfe8 20. Rfe1 Nh7 21. Nxh7 Kxh7 22. Ng5+ Kg8 23. Bxg4 hxg4 24. Rad1 Nd7 25. d5 Nf6 26. dxc6 bxc6 27. Bg3 Bf8 28. Ra1 e5 29. Bxe5 Bxb4 30. Re3 Nd7 31. Bf4 a5 32. Ne4 Re6 33. Rae1 Bc5 34. Nxc5 Nxc5 1/2-1/2